Espais verds de Vilanova del Camí, evolució urbana i qualitat de vida / Carolina Riba, text i fotografies
Descripción Física:
110 p. : il., color ; 24 cm
MARC
| LEADER | 00000nam a2200000Ia 4500 | ||
|---|---|---|---|
| 001 | 12430 | ||
| 008 | 160829s1999 xx 000 0 cat d | ||
| 080 | |a C-1-210 | ||
| 100 | |a Riba, Carolina |9 32415 | ||
| 245 | |a Espais verds de Vilanova del Camí, evolució urbana i qualitat de vida / Carolina Riba, text i fotografies | ||
| 260 | |a Vilanova del Camí : |b Ajuntament, |c 1999 | ||
| 300 | |a 110 p. : |b il., color ; |c 24 cm | ||
| 650 | |a Zones verdes |x Vilanova del Camí |9 32416 | ||
| 650 | |a Ecologia urbana |x Vilanova del Camí |9 32417 | ||
| 710 | 1 | |a Vilanova del Camí (Catalunya). |b Ajuntament |9 55303 | |
| 901 | |a Arxiu | ||
| 942 | |n 1 | ||
| 952 | |0 0 |1 0 |4 0 |6 C1210 |7 1 |9 45978 |a Arxiu |b Arxiu |d 2016-12-01 |l 0 |o C-1-210 |p 12430 |r 2016-12-01 00:00:00 |w 2016-12-01 |y ARXIU | ||
| 999 | |c 49479 |d 49479 | ||